| 000 | 00664nam a2200217 u 4500 | ||
|---|---|---|---|
| 005 | 20241016063748.0 | ||
| 008 | 080519s2004 ea r 000 0 spa d | ||
| 020 | _a043986206X | ||
| 035 | _aUPN01000155937 | ||
| 049 | _aI | ||
| 050 | 4 |
_aPZ7 _bP3.7 |
|
| 100 | 1 |
_aParker, David, _d1951- _933630 |
|
| 245 | 1 | 1 |
_a¡Sé lo que debo hacer! / _cDavid Parker ; il. de Jill Dubin. |
| 260 |
_aNew York : _bScholastic, _cc2004. |
||
| 300 |
_a[14] p. : _bil. col. |
||
| 440 | 0 | _aLo mejor de mí | |
| 534 |
_pTraducción de: _tI can make good choices! |
||
| 650 | 0 |
_aAutoestima en niños _9356 |
|
| 650 | 4 |
_aCuentos infantiles estadounidenses _910762 |
|
| 905 | _aInfantil | ||
| 999 |
_c128051 _d128051 |
||